000
00267nam a2200121Ia 4500
008
170620s9999 xx 000 0 und d
100
_a
WELLING - PETER G
245
0
_a
PHARMACOKINETICS
260
_b
DEKKER
260
_c
2005
300
_a
512
546
_a
English
690
_a
PHARMACOKINETICS
999
_c
31037
_d
31037